000 00344nam a2200133Ia 4500
008 240624s9999 xx 000 0 und d
041 _aeng
082 _a346.07 MAH
100 _aMAHESHWARI S N
245 _aMANUAL OF BUSINESS LAWS
260 _c2008
_aNew Delhi
_bHimalaya Publishing House
300 _a868 : p. : cm. ; 24
365 _cRS
_b25
999 _c12075
_d12075